00000000nam 2200000zi 4500
0019.921122
003CaOODSP
00520230508102024
006m     o  d f      
007cr cn|||||||||
008230320t20222023quc     o    f000 0 eng d
020 |a9780660480947
040 |aCaOODSP|beng|erda|cCaOODSP
043 |an-cn---
0861 |aCH6-65/2023E-PDF
24500|aAudit of the control framework of the endowment incentives component of the Canada Cultural Investment Fund / |cOffice of the Chief Audit Executive.
264 1|a[Gatineau, Quebec] : |bCanadian Heritage = Patrimoine canadien, |cNovember 2022.
264 4|c©2023
300 |a1 online resource (ii, 5 pages)
336 |atext|btxt|2rdacontent
337 |acomputer|bc|2rdamedia
338 |aonline resource|bcr|2rdacarrier
500 |aCover title.
500 |aIssued also in French under title: Audit du cadre de contrôle du volet incitatifs aux fonds de dotation du Fonds du Canada pour l'investissement en culture.
61010|aCanada. |bCanadian Heritage|xAuditing.
650 0|aFederal aid to the arts|zCanada|xAuditing.
7101 |aCanada. |bCanadian Heritage. |bOffice of the Chief Audit Executive, |eissuing body.
77508|tAudit du cadre de contrôle du volet incitatifs aux fonds de dotation du Fonds du Canada pour l'investissement en culture / |w(CaOODSP)9.921123
85640|qPDF|s522 KB|uhttps://publications.gc.ca/collections/collection_2023/pch/CH6-65-2023-eng.pdf
8564 |qHTML|sN/A|uhttps://www.canada.ca/en/canadian-heritage/corporate/publications/audits/audit-endowment-incentives.html